000 02239cam a22004814i 4500
003 PE-LiUPU
005 20250731172816.0
008 150617s r 000 0 d
020 _a847057275X
035 _a(Sirsi) i9788470572753
040 _aPE-LiUPU
_bspa
_cPE-LiUPU
_erda
049 _aPRUA
082 0 4 _a232.957
_bJ43
_221
100 1 _aJeremías, Joachim,
_eautor.
245 1 3 _aLa última cena :
_bpalabras de Jesús /
_cJoachim Jeremías.
264 1 _aMadrid :
_bCristiandad,
_c1980.
300 _a323 páginas ;
_c20 centímetros
336 _atext
_2rdacontent
337 _aunmediated
_2rdamedia
338 _avolume
_2rdacarrier
490 0 _aColección Biblia y Lenguaje
504 _aIncluye notas bibliográficas.
505 0 _a¿Tuvo la última cena carácter pascual?. -El problema. -¿Fue la última cena de Jesús una comida de "qiddus" una comida de "haburá" o una comida asenia?. -Aportación de la astronomía. -La última cena de Jesús, comida pascual. -Objeciones. -Las palabras de Jesús en el marco de la cena pascual. -El relato de la última cena. -La pasión según Mc y según Jn. -Los relatos de la última cena. -El relato de la institución como tradición autónoma. -Influjo del culto en los textos de la cena. -Uso del relato de la institución en la celebración de la cena. -Influjo del culto en la formulación de las palabras de la cena. -Respeto por la fórmula sagrada. -El texto más antiguo de las palabras de Jesús en la cena. -Lucas: ¿texto breve o largo?.
526 _aSEG42
526 _aSEG41
526 _aSEG40
526 _aSEG39
526 _aP94
526 _aP87
526 _aP86
526 _aP85
526 _aP77
526 _aP76
526 _aP35
650 0 4 _aÚltima Cena.
910 _ajck
_bjvq
_cjck
_d20150616
942 _2ddc
_cBOOK
949 _a232.957 J43
_wDEWEY
_c1
_i19415
_lCCODEBUL1
_mBUL
_r0
_sY
_tBOOK
_u2015-6-17
_xTEOLOGIA
_PP35
_0COMPRA
_o.STAFF. Colección General
994 _aC0
_bPEPRU
596 _a1
999 _a232.957 J43
_wDEWEY
_c4254
_i19415
_d4254
_f2021-11-11
_g5
_lCCODEBUL1
_mBUL
_q1
_r0
_sY
_tBOOK
_u2015-6-17
_xTEOLOGIA
_PP35
_0COMPRA
_o.STAFF. Colección General
980 _81
_gALBERTO SANCHEZ Responsable de Automatización